书目信息 |
| 题名: |
现代科技俄语翻译技巧
|
|
| 作者: | 马波主审 | |
| 分册: | ||
| 出版信息: | 上海 上海科学技术文献出版社 1989.10 |
|
| 页数: | 284页 | |
| 开本: | 20cm | |
| 丛书名: | ||
| 单 册: | ||
| 中图分类: | H355.9 | |
| 科图分类: | ||
| 主题词: | 俄语 | |
| 电子资源: | ||
| ISBN: | 7-80513-364-6 | |
| 000 | 00540nam0 2200193 45 | |
| 001 | 0405111553 | |
| 005 | 20040511153018.6 | |
| 010 | @a7-80513-364-6@dCNY4.007 | |
| 100 | @a20040511d1989 km y0chiy0120 ea | |
| 101 | 0 | @achi |
| 105 | @a z 000yy | |
| 200 | 1 | @a现代科技俄语翻译技巧@AXian Dai Ke Ji E Yu Fan Yi Ji Qiao@f马波主审@FMa Bo Zhu Shen |
| 210 | @a上海@d1989.10@c上海科学技术文献出版社 | |
| 215 | @a284页@d20cm | |
| 606 | 0 | @a俄语 |
| 690 | @aH355.9@v3 | |
| 701 | 0 | @a马波主审 |
| 801 | @aCN@bPftUser@c20040511 | |
| 905 | @dH355.9@e110 | |
| 现代科技俄语翻译技巧/马波主审.-上海,1989.10:上海科学技术文献出版社 |
| 284页;20cm |
| ISBN 7-80513-364-6:CNY4.007 |
| ● |
| 相关链接 |
|
|
|
|
正题名:现代科技俄语翻译技巧
索取号:H355.9/110
 
预约/预借
| 序号 | 登录号 | 条形码 | 馆藏地/架位号 | 状态 | 备注 |
| 1 | 0226415 | 001062147 | 第四借阅区/ [索取号:H355.9/110] | 在馆 | |
| 2 | 0226416 | 001062156 | 第二样本阅览室/ [索取号:H355.9/110] | 在馆 |